The diary of a ceo. 33 Zákonov pre život a podnikanie. /
Salvato in:
| Autore principale: | |
|---|---|
| Natura: | Libro |
| Lingua: | slovacco |
| Pubblicazione: |
Slovensko,
DOT,
2024
|
| Soggetti: | |
| Tags: |
Nessun Tag, puoi essere il primo ad aggiungerne!!
|
MARC
| LEADER | 00000nam a22000003a 4500 | ||
|---|---|---|---|
| 001 | 0118283 | ||
| 003 | SK-STU | ||
| 005 | 20251124135210.3 | ||
| 007 | ta | ||
| 008 | 251124s ----xo-----e------000-0-----d | ||
| 020 | |a 978-80-69071-12-4 | ||
| 040 | |a STU |b slo | ||
| 041 | 0 | |a slo | |
| 044 | |a xo | ||
| 080 | |a 658.1/Th (MTF) | ||
| 100 | 1 | |a Bartlett, Steven | |
| 245 | 1 | 0 | |a The diary of a ceo. |b 33 Zákonov pre život a podnikanie. / |c Steven Bartlett |
| 260 | |a Slovensko, |b DOT, |c 2024 | ||
| 300 | |a 366 s. | ||
| 650 | 0 | 7 | |a podnikanie |
| 996 | |b 284M089801 |c M* 14909-1 |l MMST |s A |a 24 |w 0118283_0001 | ||